000 00732nam a2200241 i 4500
001 10282
003 ES-MaACL
005 20230906145845.0
007 t|
008 950418s1994 sp a |||| |bspa d
020 _a84-87715-38-9
080 _a929 Burgos, Carmen de
100 1 _aCastañeda Ceballos, Paloma.
_9143074
245 1 0 _aCarmen de Burgos "Colombine" /
_cPaloma Castañeda.
260 _aMadrid :
_bHoras y Horas,
_c1994.
300 _a180 p. :
_bil. ;
_c21 cm.
490 1 _aMujeres en Madrid
504 _aBibliografía : p. 173-180.
600 1 4 _aBurgos, Carmen de,
_d1867-1932-
_xBiografías
_932647
830 0 _aMujeres en Madrid
_9179213
852 _aES-MaACL
_jL-17785
999 _c10282
_d10282